33 Biggest Non-Coastal Cities in Africa - Statistics

General Stats
  • This quiz has been taken 226 times
  • The average score is 23 of 33
Answer Stats
Population City % Correct
22.8 mil Cairo
100%
14.8 mil Johannesburg
99%
7.20 mil Khartoum
97%
16.3 mil Kinshasa
97%
6.90 mil Nairobi
97%
4.82 mil Addis Ababa
93%
4.30 mil Kampala
91%
5.35 mil Kano
91%
5.70 mil Bamako
89%
2.67 mil Harare
89%
3.00 mil Lusaka
89%
3.05 mil Abuja
88%
1.95 mil N'Djamena
87%
2.47 mil Brazzaville
84%
1.96 mil Kigali
83%
1.53 mil Niamey
83%
3.42 mil Ouagadougou
78%
3.97 mil Yaoundé
76%
1.68 mil Bangui
75%
3.40 mil Ibadan
75%
1.31 mil Fes
74%
2.87 mil Lubumbashi
69%
2.90 mil Kumasi
56%
3.15 mil Antananarivo
55%
1.79 mil Benin City
55%
2.50 mil Mbuji-Mayi
51%
1.30 mil Kisangani
46%
1.98 mil Kaduna
35%
1.37 mil Kananga
30%
1.23 mil Onitsha
29%
1.28 mil Aba
27%
1.34 mil Mwanza
24%
1.32 mil Touba
20%
No matching quizzes found
Score Distribution
Percent of People with Each Score
Percentile by Number Answered
Your Score History
You have not taken this quiz